000 00506cam a22001814a 4500
020 _a0764112732 (pbk.)
040 _cDLC
082 0 0 _a657 BAR 2000 A051 Or.
100 1 _aEisen, Peter J.
245 1 0 _aAccounting /
250 _a4th ed.
260 _aHauppauge, N.Y. :
_bBarron's Educational Series,
_cc2000.
300 _aix, 438 p. :
_bill. ;
_c23 cm.
500 _aIncludes index.
650 0 _aAccounting.
856 4 2 _uhttp://www.loc.gov/catdir/enhancements/fy0630/00036283-d.html
942 _cEK
999 _c14908
_d14908